<?xml version="1.0" encoding="UTF-8"?>
<record
    xmlns:xsi="http://www.w3.org/2001/XMLSchema-instance"
    xsi:schemaLocation="http://www.loc.gov/MARC21/slim http://www.loc.gov/standards/marcxml/schema/MARC21slim.xsd"
    xmlns="http://www.loc.gov/MARC21/slim">

  <leader>00189    a2200097   4500</leader>
  <datafield tag="245" ind1=" " ind2=" ">
    <subfield code="a">C++ how to program</subfield>
  </datafield>
  <datafield tag="250" ind1=" " ind2=" ">
    <subfield code="a">6th Ed</subfield>
  </datafield>
  <datafield tag="700" ind1=" " ind2=" ">
    <subfield code="a">HM Deitel</subfield>
    <subfield code="9">555</subfield>
  </datafield>
  <datafield tag="942" ind1=" " ind2=" ">
    <subfield code="c">BK</subfield>
  </datafield>
  <datafield tag="100" ind1=" " ind2=" ">
    <subfield code="a">Deitel PJ </subfield>
    <subfield code="9">556</subfield>
  </datafield>
  <datafield tag="999" ind1=" " ind2=" ">
    <subfield code="c">91</subfield>
    <subfield code="d">91</subfield>
  </datafield>
  <datafield tag="952" ind1=" " ind2=" ">
    <subfield code="0">0</subfield>
    <subfield code="1">0</subfield>
    <subfield code="2">udc</subfield>
    <subfield code="4">0</subfield>
    <subfield code="7">0</subfield>
    <subfield code="a">IIITDM</subfield>
    <subfield code="b">IIITDM</subfield>
    <subfield code="c">GEN</subfield>
    <subfield code="d">2010-07-31</subfield>
    <subfield code="l">23</subfield>
    <subfield code="m">21</subfield>
    <subfield code="o">004.43C++ DEI</subfield>
    <subfield code="p">0000451</subfield>
    <subfield code="r">2025-11-26 17:23:26</subfield>
    <subfield code="s">2025-11-08</subfield>
    <subfield code="v">0.00</subfield>
    <subfield code="w">2010-07-31</subfield>
    <subfield code="y">BK</subfield>
  </datafield>
  <datafield tag="952" ind1=" " ind2=" ">
    <subfield code="0">0</subfield>
    <subfield code="1">0</subfield>
    <subfield code="2">udc</subfield>
    <subfield code="4">0</subfield>
    <subfield code="7">0</subfield>
    <subfield code="a">IIITDM</subfield>
    <subfield code="b">IIITDM</subfield>
    <subfield code="c">GEN</subfield>
    <subfield code="d">2010-07-31</subfield>
    <subfield code="l">23</subfield>
    <subfield code="m">24</subfield>
    <subfield code="o">004.43C++ DEI</subfield>
    <subfield code="p">0000452</subfield>
    <subfield code="r">2025-11-08 09:23:03</subfield>
    <subfield code="s">2025-09-13</subfield>
    <subfield code="v">0.00</subfield>
    <subfield code="w">2010-07-31</subfield>
    <subfield code="y">BK</subfield>
  </datafield>
  <datafield tag="952" ind1=" " ind2=" ">
    <subfield code="0">0</subfield>
    <subfield code="1">3</subfield>
    <subfield code="2">udc</subfield>
    <subfield code="4">0</subfield>
    <subfield code="7">0</subfield>
    <subfield code="a">IIITDM</subfield>
    <subfield code="b">IIITDM</subfield>
    <subfield code="c">GEN</subfield>
    <subfield code="d">2010-07-31</subfield>
    <subfield code="l">1</subfield>
    <subfield code="o">004.43C++ DEI</subfield>
    <subfield code="p">0000453</subfield>
    <subfield code="r">2012-03-09 00:00:00</subfield>
    <subfield code="s">2010-10-19</subfield>
    <subfield code="v">0.00</subfield>
    <subfield code="w">2010-07-31</subfield>
    <subfield code="y">BK</subfield>
  </datafield>
  <datafield tag="952" ind1=" " ind2=" ">
    <subfield code="0">0</subfield>
    <subfield code="1">0</subfield>
    <subfield code="2">udc</subfield>
    <subfield code="4">1</subfield>
    <subfield code="5">1</subfield>
    <subfield code="7">0</subfield>
    <subfield code="a">IIITDM</subfield>
    <subfield code="b">IIITDM</subfield>
    <subfield code="c">GEN</subfield>
    <subfield code="d">2010-07-31</subfield>
    <subfield code="l">15</subfield>
    <subfield code="m">10</subfield>
    <subfield code="o">004.43C++ DEI</subfield>
    <subfield code="p">0000454</subfield>
    <subfield code="r">2017-04-26 00:00:00</subfield>
    <subfield code="s">2017-01-01</subfield>
    <subfield code="v">0.00</subfield>
    <subfield code="w">2010-07-31</subfield>
    <subfield code="y">BK</subfield>
  </datafield>
  <datafield tag="952" ind1=" " ind2=" ">
    <subfield code="0">0</subfield>
    <subfield code="1">0</subfield>
    <subfield code="2">udc</subfield>
    <subfield code="4">0</subfield>
    <subfield code="7">0</subfield>
    <subfield code="a">IIITDM</subfield>
    <subfield code="b">IIITDM</subfield>
    <subfield code="c">GEN</subfield>
    <subfield code="d">2010-07-31</subfield>
    <subfield code="l">26</subfield>
    <subfield code="m">22</subfield>
    <subfield code="o">004.43C++ DEI</subfield>
    <subfield code="p">0000455</subfield>
    <subfield code="r">2025-11-26 12:36:58</subfield>
    <subfield code="s">2025-08-06</subfield>
    <subfield code="v">0.00</subfield>
    <subfield code="w">2010-07-31</subfield>
    <subfield code="y">BK</subfield>
  </datafield>
  <datafield tag="952" ind1=" " ind2=" ">
    <subfield code="0">0</subfield>
    <subfield code="1">0</subfield>
    <subfield code="2">udc</subfield>
    <subfield code="4">0</subfield>
    <subfield code="7">0</subfield>
    <subfield code="a">IIITDM</subfield>
    <subfield code="b">IIITDM</subfield>
    <subfield code="c">GEN</subfield>
    <subfield code="d">2010-07-31</subfield>
    <subfield code="l">29</subfield>
    <subfield code="m">20</subfield>
    <subfield code="o">004.43C++ DEI</subfield>
    <subfield code="p">0000456</subfield>
    <subfield code="r">2025-08-08 13:36:29</subfield>
    <subfield code="s">2025-08-06</subfield>
    <subfield code="v">0.00</subfield>
    <subfield code="w">2010-07-31</subfield>
    <subfield code="y">BK</subfield>
  </datafield>
</record>
